00457nam a2200157Ia 4500003000400000005001700004008004100021020001800062040000900080082002000089100002500109245009700134250001200231260004700243300000900290OSt20200127100222.0190216s9999||||xx |||||||||||||| ||und|| a9789350511022 coclc a658.4012bCHE/S aCherunilam, Francis  0aStrategic Management : A book on business policy / corporate planning /cFrancis Cherunilam a5th ed. bHimalaya Publishing House,c2011.aMumbai: a262p